[Event "The New Year Standard Chess Tourney"]
[Site "SchemingMind.com"]
[Date "2006.01.08"]
[Round "-"]
[White "thinkfirst29"]
[Black "Otbplayer"]
[Result "0-1"]
[WhiteCountry "USA"]
[BlackCountry "ENG"]
[WhiteElo "1646"]
[WhiteRD "68"]
[BlackElo "1855"]
[BlackRD "97"]
[GameID "35549"]

1. e4 c6 2. c4 d5 3. exd5 cxd5 4. d4 e6 5. Nf3 Nf6 6. Nc3 Bb4 7. Bd2 O-O 8. a3 Bxc3 9. Bxc3 Ne4 10. Bb4 Re8
11. Bd3 a5 12. Bd2 Nxd2 13. Qxd2 dxc4 14. Bxc4 b6 15. O-O Bb7 16. Qf4 Nd7 17. Ng5 Nf6 18. Bd3 g6 19. Qh4 h5 20. Rae1 Qd5
21. f3 Rad8 22. Qf4 Qxd4+ 23. Qxd4 Rxd4 24. Bb5 Red8 25. a4 Rd2 26. b3 Rb2 27. Re3 Rdd2 28. Rfe1 Rxg2+ 29. Kh1 Rxh2+ 30. Kg1 Rbg2+
31. Kf1 Rxg5 32. f4 Rh1+ 33. Ke2 Rg2+ 34. Kd3 Rxe1 35. Rxe1 Nd5
0-1

[Event "The New Year Standard Chess Tourney"]
[Site "SchemingMind.com"]
[Date "2006.01.08"]
[Round "-"]
[White "sythymesnos"]
[Black "thinkfirst29"]
[Result "1-0"]
[WhiteCountry "FRA"]
[BlackCountry "USA"]
[WhiteElo "1835"]
[WhiteRD "60"]
[BlackElo "1646"]
[BlackRD "68"]
[GameID "35550"]

1. e4 c5 2. Nf3 Nc6 3. d4 cxd4 4. Nxd4 e6 5. Nb5 Bb4+ 6. c3 Ba5 7. Nd6+ Kf8 8. Bc4 Nf6 9. f3 Ne5 10. Bb3 Bc7
11. Nxc8 Rxc8 12. O-O h5 13. Bg5 Ng6 14. f4 Bb6+ 15. Kh1 Qc7 16. e5 Ng4 17. Qe2 Ne7 18. Na3 g6 19. Nb5 Qc5 20. Nd6 Qe3
21. Bxe7+ Kg7 22. Qf3 Rc7 23. h3 Nf2+ 24. Kh2 Qxf3 25. gxf3 Nd3 26. Bf6+ Kg8 27. Bxh8 Kxh8 28. Nxf7+ Kg7 29. Nd6 Nxf4 30. Ne8+ Kh6
31. Nxc7 Bxc7 32. Rae1 Nd3 33. Re3 Bxe5+ 34. Kg1 Bc7 35. Rxd3 d5 36. Re1
1-0

[Event "The New Year Standard Chess Tourney"]
[Site "SchemingMind.com"]
[Date "2006.01.09"]
[Round "-"]
[White "sherlocksridhar"]
[Black "thinkfirst29"]
[Result "0-1"]
[WhiteCountry "IND"]
[BlackCountry "USA"]
[WhiteElo "1029"]
[WhiteRD "117"]
[BlackElo "1646"]
[BlackRD "68"]
[GameID "35551"]

1. e4 c5 2. Nf3 Nc6 3. d4 cxd4 4. Nxd4 e6 5. Nb5 Qa5+ 6. Bd2 Qxb5 7. Bxb5 Nf6 8. Nc3 Ne5 9. h3 a6 10. Ba4 b5
11. Bb3 Bb7 12. Qe2 Bc5
0-1

[Event "The New Year Standard Chess Tourney"]
[Site "SchemingMind.com"]
[Date "2006.01.09"]
[Round "-"]
[White "PugadLawin"]
[Black "thinkfirst29"]
[Result "1-0"]
[WhiteCountry "PHI"]
[BlackCountry "USA"]
[WhiteElo "1742"]
[WhiteRD "88"]
[BlackElo "1646"]
[BlackRD "68"]
[GameID "35552"]

1. e4 c5 2. Nf3 Nc6 3. Bb5 a6 4. Bxc6 bxc6 5. d3 d5 6. Nbd2 Bg4 7. h3 Bh5 8. O-O Qc8 9. Qe2 d4 10. Re1 Nf6
11. Nf1 Rb8 12. Ng3 Bg6 13. Ne5 h5 14. Nxg6 fxg6 15. e5 Nd5 16. e6 h4 17. Ne4 Rb5 18. Ng5 Nf6 19. a4 Rb7 20. Qe5 Rh5
21. Qxc5 Nd5 22. Qxd4 Nc7 23. Qf4 Nd5 24. Qf7+
1-0

[Event "The New Year Standard Chess Tourney"]
[Site "SchemingMind.com"]
[Date "2006.01.15"]
[Round "-"]
[White "Ashmaster"]
[Black "thinkfirst29"]
[Result "0-1"]
[WhiteCountry "IRL"]
[BlackCountry "USA"]
[WhiteElo "1527"]
[WhiteRD "59"]
[BlackElo "1646"]
[BlackRD "68"]
[GameID "35553"]

1. e4 c5 2. Nf3 Nc6 3. d4 cxd4 4. Nxd4 e6 5. Nc3 a6 6. g3 Bb4 7. Bd2 Nxd4 8. Ne2 Bxd2+ 9. Qxd2 Nxe2 10. Bxe2 Nf6
11. Qd4 Qa5+ 12. c3 O-O 13. O-O e5 14. Qd3 d5 15. exd5 Qxd5 16. Qxd5 Nxd5 17. Rad1 Be6 18. Bf3 Rad8 19. c4 Nb4 20. Rxd8 Rxd8
21. b3 Nxa2 22. Bxb7 Rb8 23. Bxa6 Rxb3 24. Rd1 g6 25. Rd2 Nb4 26. c5 Nxa6 27. c6 Rc3
0-1

[Event "The New Year Standard Chess Tourney"]
[Site "SchemingMind.com"]
[Date "2006.01.09"]
[Round "-"]
[White "dvella"]
[Black "thinkfirst29"]
[Result "1-0"]
[WhiteCountry "MLT"]
[BlackCountry "USA"]
[WhiteElo "1949"]
[WhiteRD "87"]
[BlackElo "1646"]
[BlackRD "68"]
[GameID "35554"]

1. e4 c5 2. Nf3 Nc6 3. Bb5 a6 4. Bxc6 bxc6 5. O-O d6 6. h3 Nf6 7. Re1 e5 8. c3 Bd7 9. d4 cxd4 10. cxd4 exd4
11. Qxd4 c5 12. Qd1 Be7 13. Bg5 O-O 14. e5 h6 15. exf6 Bxf6 16. Bxf6 Qxf6 17. Nc3 g5 18. Ne4 Qf4 19. Qxd6 Qxd6 20. Nxd6 f5
21. Ne5 Bb5 22. a4 Be8 23. Nxe8 Rfxe8 24. Nd7 Rxe1+ 25. Rxe1 c4 26. Nb6 Rb8 27. Nxc4 Kf7 28. Rb1 Ke6 29. b4 Rc8 30. Ne3 h5
31. b5 f4 32. Nf1 axb5 33. Rxb5 Kf6 34. g3 h4 35. gxh4 gxh4 36. Kg2 Rc3 37. Nd2 Ra3 38. Rb4 Kf5 39. Nf3 Ra2 40. Nxh4+ Kg5
41. Nf3+
1-0

[Event "The New Year Standard Chess Tourney"]
[Site "SchemingMind.com"]
[Date "2006.01.08"]
[Round "-"]
[White "brightnight"]
[Black "thinkfirst29"]
[Result "0-1"]
[WhiteCountry "USA"]
[BlackCountry "USA"]
[WhiteElo "1455"]
[WhiteRD "84"]
[BlackElo "1646"]
[BlackRD "68"]
[GameID "35555"]

1. e4 c5 2. Nf3 Nc6 3. Bb5 a6 4. Bxc6 dxc6 5. d3 Bg4 6. O-O Nf6 7. h3 Bh5 8. g4 Bg6 9. Ne5 Qd4 10. Nf3 Qd7
11. Ne5 Qc7 12. Bf4 Qb6 13. Nc4 Qd8 14. Bg3 h5 15. Nc3 hxg4 16. hxg4 Nd7 17. f4 Qc7 18. Qf3 Bh7 19. f5 Qc8 20. e5 g5
21. f6 Bg6 22. Ne4 Bxe4 23. Qxe4 e6 24. Rae1 Qc7 25. Qe3 b5 26. Nd6+ Bxd6 27. exd6 Qb6 28. Qxg5 O-O-O 29. c3 Rdg8 30. Qf4 c4+
31. Bf2 Qb7 32. dxc4 c5 33. Re4 bxc4 34. Rb1 Nxf6 35. d7+ Nxd7 36. Rbe1 Nf6 37. Qf3 Rxg4+ 38. Bg3 Rxg3+ 39. Qxg3 Rg8 40. Qxg8+ Nxg8
41. Rxc4 Qd5 42. Ra4 Qg5+ 43. Kf2 Qf5+ 44. Ke2 Qc2+
0-1

[Event "The New Year Standard Chess Tourney"]
[Site "SchemingMind.com"]
[Date "2006.01.08"]
[Round "-"]
[White "ld31337"]
[Black "thinkfirst29"]
[Result "0-1"]
[WhiteCountry "USA"]
[BlackCountry "USA"]
[WhiteElo "1310"]
[WhiteRD "95"]
[BlackElo "1601"]
[BlackRD "71"]
[GameID "35556"]

1. d4 b6 2. c3 Bb7 3. Nd2 Nf6 4. f3 e6 5. e3 c5 6. Bc4 d5 7. Bb5+ Nc6 8. Ne2 Bd6 9. O-O O-O 10. b3 Ne7
11. e4 dxe4 12. fxe4 Nxe4 13. Nf3 f5 14. Ng5 Rf6 15. Nxe4 Bxe4 16. c4 a6 17. Ba4 Qb8 18. d5 Bxh2+ 19. Kh1 Rg6 20. Bf4 Bxf4
21. Rf2 Rh6+ 22. Kg1 Be3 23. d6 Bxf2+ 24. Kxf2 Ng6 25. Bd7 Nf8 26. Ng3 Nxd7 27. Qd2 Qb7 28. Re1 Bxg2 29. Qc3 Rf8 30. Rg1 Rh2
31. Nf1 Bxf1+ 32. Kxf1 e5 33. Qg3 g6 34. Qxh2 Qe4 35. Rh1 Qb1+ 36. Kg2 Qxa2+ 37. Kg1 Qxh2+
0-1

[Event "The New Year Standard Chess Tourney"]
[Site "SchemingMind.com"]
[Date "2006.01.08"]
[Round "-"]
[White "Otbplayer"]
[Black "thinkfirst29"]
[Result "1-0"]
[WhiteCountry "ENG"]
[BlackCountry "USA"]
[WhiteElo "1793"]
[WhiteRD "119"]
[BlackElo "1601"]
[BlackRD "71"]
[GameID "35557"]

1. d4 b6 2. c4 Bb7 3. Nf3 f6 4. Nc3 d5 5. Bf4 e6 6. e3 Bd6 7. Bxd6 cxd6 8. cxd5 exd5 9. Bd3 Ne7 10. Qc2 g6
11. O-O Nbc6 12. Qb3 Na5 13. Qa4+ Qd7 14. Bb5 Nec6 15. Nxd5 O-O 16. b4 Qf7 17. bxa5 Qxd5 18. Bc4 Qxc4 19. Qxc4+ Kg7 20. axb6 axb6
21. Qb3 Ba6 22. Rfc1 Na5 23. Qxb6 Be2 24. Rc7+ Kh6 25. Qxd6 Rab8 26. Qf4+ g5 27. Qf5
1-0

[Event "The New Year Standard Chess Tourney"]
[Site "SchemingMind.com"]
[Date "2006.01.08"]
[Round "-"]
[White "riverriver"]
[Black "sythymesnos"]
[Result "1-0"]
[WhiteCountry "USA"]
[BlackCountry "FRA"]
[WhiteElo "1868"]
[WhiteRD "78"]
[BlackElo "1835"]
[BlackRD "60"]
[GameID "35576"]

1. e4 c6 2. d4 d5 3. Nc3 dxe4 4. Nxe4 Bf5 5. Ng3 Bg6 6. Nf3 Nd7 7. Bd3 e6 8. O-O Ngf6 9. c4 c5 10. d5 exd5
11. Re1+ Be7 12. Bxg6 hxg6 13. cxd5 O-O 14. d6 Re8 15. dxe7 Rxe7 16. Rxe7 Qxe7 17. Bf4 Rc8 18. Qb3 b6 19. Re1 Qf8 20. Rd1 Qe8
21. Bd6 Nf8 22. Qa3 Qd7 23. Ne5 Qe6 24. Qxa7 Rd8 25. Qxb6
1-0

[Event "The New Year Standard Chess Tourney"]
[Site "SchemingMind.com"]
[Date "2006.01.08"]
[Round "-"]
[White "riverriver"]
[Black "sherlocksridhar"]
[Result "1-0"]
[WhiteCountry "USA"]
[BlackCountry "IND"]
[WhiteElo "1868"]
[WhiteRD "78"]
[BlackElo "1029"]
[BlackRD "117"]
[GameID "35577"]

1. e4 e5 2. Nf3 Nc6 3. Bb5 a6 4. Ba4 Nf6 5. O-O Be7 6. Re1 b5 7. Bb3 d6 8. a4 Bb7 9. axb5 Nb4 10. Ra4 d5
11. bxa6 Rxa6 12. Nxe5 O-O 13. Rxa6 Bxa6 14. exd5 Nfxd5 15. d3 Bd6 16. c3 Bxd3 17. cxb4 Nxb4 18. Nc3 Ba6 19. Qg4 Bc8 20. Qg3 Bb7
21. Bh6 Qf6 22. Bf4 Bc5 23. Nd7
1-0

[Event "The New Year Standard Chess Tourney"]
[Site "SchemingMind.com"]
[Date "2006.01.08"]
[Round "-"]
[White "riverriver"]
[Black "PugadLawin"]
[Result "1-0"]
[WhiteCountry "USA"]
[BlackCountry "PHI"]
[WhiteElo "1788"]
[WhiteRD "90"]
[BlackElo "1667"]
[BlackRD "103"]
[GameID "35578"]

1. e4 c5 2. Nf3 d6 3. d4 cxd4 4. Nxd4 Nf6 5. Nc3 a6 6. f3 e6 7. Bg5 Be7 8. h4 Qc7 9. Qd2 Nbd7 10. O-O-O Rb8
11. Kb1 b5 12. g3 O-O 13. g4 Nc5 14. b4 Ncd7 15. Bxf6 Nxf6 16. g5 Nd7 17. f4 d5 18. exd5 Bxb4 19. Nc6 Bxc3 20. Qxc3 Qxf4
21. Rd4 Qf2 22. Nxb8 Nxb8 23. Bh3
1-0

[Event "The New Year Standard Chess Tourney"]
[Site "SchemingMind.com"]
[Date "2006.01.08"]
[Round "-"]
[White "riverriver"]
[Black "Ashmaster"]
[Result "1-0"]
[WhiteCountry "USA"]
[BlackCountry "IRL"]
[WhiteElo "1861"]
[WhiteRD "86"]
[BlackElo "1445"]
[BlackRD "64"]
[GameID "35579"]

1. d4 Nf6 2. c4 e6 3. Nf3 d5 4. Nc3 Be7 5. Bg5 O-O 6. Qc2 Nbd7 7. e3 c6 8. Rd1 b6 9. Bd3 h6 10. Bh4 Bb7
11. O-O c5 12. Bxf6 Bxf6 13. cxd5 exd5 14. dxc5 bxc5 15. Nxd5 Bxd5 16. Bh7+ Kh8 17. Rxd5 g6 18. Bxg6 fxg6 19. Qxg6 Qe7 20. Qxh6+ Kg8
21. Rh5 Qg7 22. Qxg7+ Bxg7 23. b3 Rac8 24. Rc1 Rc7 25. Nd4 Rfc8 26. Ne6 Rc6 27. Rd5 Nb6 28. Rdxc5 Rxe6 29. Rxc8+ Nxc8 30. Rxc8+ Kf7
31. Rc7+ Re7 32. Rxe7+ Kxe7 33. f4 Ke6 34. Kf2 Kf5 35. Kf3 Ke6 36. Ke4 Ke7 37. g4 Ke6 38. g5 Kf7 39. Kf5 Ke7 40. e4 Kf7
41. h4 Ke7 42. h5 Kf7 43. h6 Bh8 44. g6+
1-0

[Event "The New Year Standard Chess Tourney"]
[Site "SchemingMind.com"]
[Date "2006.01.08"]
[Round "-"]
[White "riverriver"]
[Black "dvella"]
[Result "0-1"]
[WhiteCountry "USA"]
[BlackCountry "MLT"]
[WhiteElo "1868"]
[WhiteRD "78"]
[BlackElo "1949"]
[BlackRD "87"]
[GameID "35580"]

1. d4 d5 2. c4 c6 3. Nf3 Nf6 4. Nc3 dxc4 5. e4 b5 6. e5 Nd5 7. Nxd5 cxd5 8. a4 b4 9. b3 c3 10. Bd3 Nc6
11. Bb5 Bd7 12. Ng5 e6 13. Bxc6 Bxc6 14. Qh5 g6 15. Qh3 Qe7 16. Nxh7 Bg7 17. O-O Kd7 18. Bg5 Qe8 19. Bf6 Qg8 20. Bxg7 Rxh7
21. Bh6 Qh8 22. Qf3 Rxh6 23. Qxf7+ Kd8 24. h3 Bd7 25. Rae1 g5 26. f3 Rc8 27. f4 g4 28. hxg4 Rc7 29. g5 Bb5 30. Qxc7+ Kxc7
31. axb5 Rh1+ 32. Kf2 Qh4+ 33. g3 Qh2+ 34. Kf3 Rxf1+ 35. Rxf1 Qd2 36. g6 Qd3+ 37. Kf2 Qxg6 38. Ra1 Qd3 39. Rxa7+ Kb6 40. Ra6+ Kxb5
41. Ra8 Qxd4+ 42. Kf3 c2 43. Rb8+ Ka6 44. Rc8 Qc3+
0-1

[Event "The New Year Standard Chess Tourney"]
[Site "SchemingMind.com"]
[Date "2006.01.08"]
[Round "-"]
[White "riverriver"]
[Black "brightnight"]
[Result "1-0"]
[WhiteCountry "USA"]
[BlackCountry "USA"]
[WhiteElo "1788"]
[WhiteRD "90"]
[BlackElo "1498"]
[BlackRD "84"]
[GameID "35581"]

1. c4 e5 2. Nc3 Nf6 3. Nf3 Bb4 4. Nxe5 O-O 5. Nd3 Bxc3 6. dxc3 Re8 7. f3 d6 8. e4 Nc6 9. b3 Bf5 10. Kf2 Bg6
11. Kg1 h6 12. a4 a6 13. Ra2 Na7 14. Nf4 Nc6 15. Nxg6 fxg6 16. Be3 Re7 17. g3 Ne5 18. Rd2 g5 19. Bd4 c5 20. Bxe5 Rxe5
21. Rxd6 Qe8 22. Bg2 Kh7 23. Qd3 h5 24. f4 gxf4 25. gxf4 Re6 26. e5+ Kg8 27. Rxe6 Qf8 28. exf6 b5 29. Qd5 Kh8 30. Qxh5+ Kg8
31. Bd5
1-0

[Event "The New Year Standard Chess Tourney"]
[Site "SchemingMind.com"]
[Date "2006.01.08"]
[Round "-"]
[White "riverriver"]
[Black "thinkfirst29"]
[Result "1-0"]
[WhiteCountry "USA"]
[BlackCountry "USA"]
[WhiteElo "1861"]
[WhiteRD "86"]
[BlackElo "1601"]
[BlackRD "71"]
[GameID "35582"]

1. c4 e5 2. Nf3 Nc6 3. d4 Bb4+ 4. Bd2 Bxd2+ 5. Qxd2 exd4 6. Nxd4 Nxd4 7. Qxd4 Nf6 8. Qe5+ Kf8 9. Nc3 d6 10. O-O-O Be6
11. Qf4 a6 12. c5 d5 13. e4 c6 14. exd5 cxd5 15. Bd3 Qa5 16. c6 bxc6 17. Qd6+ Kg8 18. Qxc6 g6 19. Qxa8+ Kg7 20. Qxa6 Qc5
21. Kb1 Qxf2 22. g3 Rb8 23. b3 d4 24. Ne2 Nd5 25. Qd6 Ra8 26. Qe5+ Kg8 27. Rdf1 Qg2 28. Qxd4 f5 29. h4 Rb8 30. Qe5 Rb6
31. Rhg1 Qh2 32. Bc4 Nc3+ 33. Qxc3
1-0

[Event "The New Year Standard Chess Tourney"]
[Site "SchemingMind.com"]
[Date "2006.01.08"]
[Round "-"]
[White "riverriver"]
[Black "ld31337"]
[Result "1-0"]
[WhiteCountry "USA"]
[BlackCountry "USA"]
[WhiteElo "1788"]
[WhiteRD "90"]
[BlackElo "1307"]
[BlackRD "98"]
[GameID "35583"]

1. c4 c5 2. Nf3 d6 3. d4 Nc6 4. dxc5 dxc5 5. Qxd8+ Nxd8 6. Nc3 e6 7. Nb5 Kd7 8. Bf4 Nc6 9. O-O-O+ Ke8 10. Nc7+ Ke7
11. Bd6+ Kd7 12. Ne5+ Kd8 13. Nxf7+ Kd7 14. Nxa8 Nb4 15. Bxf8+ Ke8 16. Nxh8 Kxf8 17. Rd8+ Ke7 18. Rxg8
1-0

[Event "The New Year Standard Chess Tourney"]
[Site "SchemingMind.com"]
[Date "2006.01.08"]
[Round "-"]
[White "riverriver"]
[Black "Otbplayer"]
[Result "1/2-1/2"]
[WhiteCountry "USA"]
[BlackCountry "ENG"]
[WhiteElo "1891"]
[WhiteRD "80"]
[BlackElo "1856"]
[BlackRD "92"]
[GameID "35584"]

1. c4 e5 2. Nc3 Nf6 3. Nf3 Bc5 4. Nxe5 d6 5. Nf3 O-O 6. a3 a6 7. b4 Ba7 8. h3 Bf5 9. d4 Re8 10. g4 Bg6
11. Bg5 Nbd7 12. e3 c6 13. Bd3 Qc7 14. Bxg6 fxg6 15. Bf4 Ne4 16. Nxe4 Rxe4 17. Ng5 Ree8 18. c5 Qd8 19. cxd6 Nb6 20. h4 h6
21. Nf3 Qf6 22. Be5 Qe6 23. h5 g5 24. Qc2 Rad8 25. Rc1 Rf8 26. Nd2 Bb8 27. Ne4 Rf7 28. Rg1 Bxd6 29. Nxd6 Rxd6 30. Bxd6 Qxd6
31. Qe4 Re7 32. Qd3 Nd5 33. Rf1 Nf4 34. Qc4+ Nd5 35. Qd3 Nf4 36. Qc4+ Nd5= 37. Qd3 Nf4 38. Qc4+ Nd5 39. Qd3 Nf4 40. Qc4+ Nd5
41. Rg1 Kh8 42. Rg3 Nf6 43. Rg2 Nd5 44. Rg3 Nf6 45. Qc5 Qe6 46. Qc2 Rd7 47. Qe2 Re7 48. Rc4 Qe4 49. Qd1 Rf7 50. Rg1 Qe6
51. Qe2 Qe4 52. Rc1 Nd5 53. Rc2 Nf6 54. f3 Qe6 55. Qd3 Nd5 56. Kf2 Qf6 57. Rg3 Re7 58. Re2 Rf7 59. Qc4 Qe7 60. Qd3 Rf6
61. Re1 Re6 62. Re2 Qe8= 63. Rh3 Qe7 64. Rh1 Qf7 65. Ree1 Rf6 66. Rh3 Qe6=
1/2-1/2

[Event "The New Year Standard Chess Tourney"]
[Site "SchemingMind.com"]
[Date "2006.01.08"]
[Round "-"]
[White "sythymesnos"]
[Black "riverriver"]
[Result "1/2-1/2"]
[WhiteCountry "FRA"]
[BlackCountry "USA"]
[WhiteElo "1835"]
[WhiteRD "60"]
[BlackElo "1868"]
[BlackRD "78"]
[GameID "35585"]

1. e4 e5 2. f4 d5 3. exd5 c6 4. dxc6 Nxc6 5. Bc4 exf4 6. Nf3 Bc5 7. Nc3 Bf5 8. d3 g5 9. Qe2+ Kf8 10. Bd2 g4
11. Ne5 Qh4+ 12. g3 fxg3 13. O-O-O g2 14. Qxg2 Nxe5 15. Qd5 Qe7 16. d4 Nxc4 17. Qxf5 Bxd4 18. Nd5 Bxb2+ 19. Kb1 Nxd2+ 20. Rxd2 Qe5
21. Qxg4 Ba3 22. c3 Nf6 23. Nxf6 Qxf6 24. Qc4 Rd8 25. Rg2 Qf3 26. Rgg1 Qf5+ 27. Ka1 Rd2 28. Rb1 Qa5 29. Rhf1 Bb2+ 30. Rxb2 Rd7
31. Rbf2 Qc7 32. Qb4+ Ke8 33. Qe4+= Re7 34. Qa4+ Qc6 35. Qxc6+ bxc6 36. Rb2 Kf8 37. Rb8+ Re8 38. Rb7 Re7 39. Rb8+ Re8 40. Rb7= Re7
41. Rb8+=
1/2-1/2

[Event "The New Year Standard Chess Tourney"]
[Site "SchemingMind.com"]
[Date "2006.01.09"]
[Round "-"]
[White "sherlocksridhar"]
[Black "riverriver"]
[Result "0-1"]
[WhiteCountry "IND"]
[BlackCountry "USA"]
[WhiteElo "1029"]
[WhiteRD "117"]
[BlackElo "1868"]
[BlackRD "78"]
[GameID "35586"]

1. e4 e5 2. Nf3 Nc6 3. Bb5 a6 4. Ba4 Nf6 5. O-O Be7 6. Re1 b5 7. Bb3 Na5 8. c3 Nxb3 9. Qxb3 d6 10. d4 Be6
11. d5 Bd7 12. c4 c6 13. dxc6 Bxc6 14. Nc3 h6 15. c5 Qb8 16. Nd1 Bxe4 17. Qe3 d5 18. Nc3 d4 19. Qd2 dxc3 20. Qxc3 Qc7
21. Be3 Bxf3 22. Bxh6 e4
0-1

[Event "The New Year Standard Chess Tourney"]
[Site "SchemingMind.com"]
[Date "2006.01.09"]
[Round "-"]
[White "PugadLawin"]
[Black "riverriver"]
[Result "0-1"]
[WhiteCountry "PHI"]
[BlackCountry "USA"]
[WhiteElo "1676"]
[WhiteRD "99"]
[BlackElo "1861"]
[BlackRD "86"]
[GameID "35587"]

1. e4 e5 2. Nf3 Nc6 3. Bb5 a6 4. Bxc6 dxc6 5. Nxe5 Qd4 6. Nf3 Qxe4+ 7. Qe2 Bf5 8. d3 Qxe2+ 9. Kxe2 O-O-O 10. Re1 Bd6
11. Kf1 h6 12. Nbd2 Nf6 13. Nc4 Rhe8 14. h3 Rxe1+ 15. Kxe1 Nd5 16. Bd2 Bc5 17. Kf1 Nb4 18. Bxb4 Bxb4 19. a3 Bc5 20. Re1 Be6
21. Nce5 Bd5 22. b4 Ba7 23. Nd2 c5 24. f4 cxb4 25. axb4 Bd4 26. Nef3 Bc3
0-1

[Event "The New Year Standard Chess Tourney"]
[Site "SchemingMind.com"]
[Date "2006.01.19"]
[Round "-"]
[White "Ashmaster"]
[Black "riverriver"]
[Result "0-1"]
[WhiteCountry "IRL"]
[BlackCountry "USA"]
[WhiteElo "1445"]
[WhiteRD "64"]
[BlackElo "1861"]
[BlackRD "86"]
[GameID "35588"]

1. e4 e5 2. Nf3 Nc6 3. Bb5 Nf6 4. O-O d6 5. Re1 Bd7 6. c3 a6 7. Ba4 b5 8. Bc2 h6 9. d4 Be7 10. d5 Na5
11. b4 Nb7 12. Nbd2 a5 13. bxa5 Rxa5 14. Nb3 Ra8 15. Bd3 O-O 16. c4 bxc4 17. Bxc4 c6 18. Bb2 cxd5 19. Bxd5 Qb6 20. Bxb7 Qxb7
21. Qc2 Rfc8 22. Qd3 Ra4 23. Nfd2 Bb5 24. Qf3 Rc2 25. Bc1 Raxa2 26. Rxa2 Rxa2 27. h3 Bd8 28. Kh2 Bb6 29. Rf1 Bxf1
0-1

[Event "The New Year Standard Chess Tourney"]
[Site "SchemingMind.com"]
[Date "2006.01.09"]
[Round "-"]
[White "dvella"]
[Black "riverriver"]
[Result "0-1"]
[WhiteCountry "MLT"]
[BlackCountry "USA"]
[WhiteElo "1941"]
[WhiteRD "94"]
[BlackElo "1861"]
[BlackRD "86"]
[GameID "35589"]

1. e4 e5 2. Nf3 Nc6 3. Bb5 a6 4. Ba4 Nf6 5. O-O Be7 6. Re1 b5 7. Bb3 O-O 8. c3 d5 9. exd5 Nxd5 10. Nxe5 Nxe5
11. Rxe5 c6 12. d4 Bd6 13. Re1 Re8 14. Rxe8+ Qxe8 15. Bd2 Be6 16. a4 Qb8 17. h3 bxa4 18. Rxa4 Ne3
0-1

[Event "The New Year Standard Chess Tourney"]
[Site "SchemingMind.com"]
[Date "2006.01.08"]
[Round "-"]
[White "brightnight"]
[Black "riverriver"]
[Result "0-1"]
[WhiteCountry "USA"]
[BlackCountry "USA"]
[WhiteElo "1498"]
[WhiteRD "84"]
[BlackElo "1788"]
[BlackRD "90"]
[GameID "35590"]

1. e4 c5 2. Nf3 Nc6 3. Bb5 d6 4. O-O Bg4 5. d3 Bd7 6. Bxc6 Bxc6 7. Nc3 g6 8. Re1 Bg7 9. Bd2 b6 10. Bf4 Nf6
11. Qd2 O-O 12. Bh6 e6 13. Bxg7 Kxg7 14. e5 Ng4 15. h3 Bxf3 16. hxg4 Bc6 17. Ne4 dxe5 18. Ng5 Qd4 19. c3 Qxg4 20. Ne4 f6
21. Ng3 Qh4 22. Rad1 Rad8 23. b3 Kh8 24. a4 Rf7 25. Re3 Rfd7 26. Ne4 Bxe4 27. Rxe4 Qxe4 28. dxe4 Rxd2
0-1

[Event "The New Year Standard Chess Tourney"]
[Site "SchemingMind.com"]
[Date "2006.01.09"]
[Round "-"]
[White "thinkfirst29"]
[Black "riverriver"]
[Result "0-1"]
[WhiteCountry "USA"]
[BlackCountry "USA"]
[WhiteElo "1641"]
[WhiteRD "71"]
[BlackElo "1788"]
[BlackRD "90"]
[GameID "35591"]

1. e4 e5 2. Nf3 Nc6 3. Bc4 Nf6 4. Ng5 Bc5 5. Nxf7 Bxf2+ 6. Kf1 Qe7 7. Nxh8 Bc5 8. Nc3 Qf8 9. Nf7 d5 10. Nxe5 Nxe5
11. Bxd5 Nxd5+ 12. Ke1 Qf2#
0-1

[Event "The New Year Standard Chess Tourney"]
[Site "SchemingMind.com"]
[Date "2006.01.08"]
[Round "-"]
[White "ld31337"]
[Black "riverriver"]
[Result "0-1"]
[WhiteCountry "USA"]
[BlackCountry "USA"]
[WhiteElo "1307"]
[WhiteRD "98"]
[BlackElo "1788"]
[BlackRD "90"]
[GameID "35592"]

1. d4 Nf6 2. Nf3 c5 3. c3 e6 4. e3 d5 5. Bd3 c4 6. Be2 Qa5 7. O-O Bd6 8. Nbd2 Bd7 9. b3 Qxc3 10. Rb1 cxb3
11. Rxb3 Qc7 12. Ba3 Bxa3 13. Rxa3 O-O 14. Qc1 Rc8 15. Qb1 b6 16. Ng5 h6 17. Ngf3 Qd6 18. Rb3 Ba4 19. Rb4 Bc2 20. Qb2 Nc6
21. Rb5 Ba4 22. Ne5 Bxb5 23. Bxb5 Qb4 24. Qxb4 Nxb4 25. f3 Nxa2 26. Bc6 Rab8 27. Nd7 Nxd7 28. Bxd7 Rc2 29. Rd1 Nc3 30. Ra1 Rxd2
31. Rxa7 Re2 32. f4 Rxe3 33. f5 Ne2+ 34. Kf2 Re4 35. f6 gxf6 36. Ra2 Nxd4 37. Bb5 Nxb5
0-1

[Event "The New Year Standard Chess Tourney"]
[Site "SchemingMind.com"]
[Date "2006.01.08"]
[Round "-"]
[White "Otbplayer"]
[Black "riverriver"]
[Result "0-1"]
[WhiteCountry "ENG"]
[BlackCountry "USA"]
[WhiteElo "1720"]
[WhiteRD "133"]
[BlackElo "1788"]
[BlackRD "90"]
[GameID "35593"]

1. d4 Nf6 2. c4 e6 3. Nc3 Bb4 4. a3 Bxc3+ 5. bxc3 O-O 6. Bg5 h6 7. Bh4 Re8 8. Nf3 g5 9. Bg3 d6 10. h3 Ne4
11. Qc2 Nxg3 12. fxg3 e5 13. e4 exd4 14. cxd4 f5 15. e5 dxe5 16. Nxe5 Qxd4
0-1